000 01516nam a2200373 c 4500
003 BLK
005 20240410163659.0
008 180407b bul|||||r ||||||| ||bul||
010 _aKNG00030265000
040 _aBLK
041 _aBUL
_cBUL
080 _aНемска литература
_b821.112.2
_x-93-31
_z821.112.2-93-31
100 1 _aКестнер, Ерих
_eпърви автор
_9241914
700 1 _aМусаков, Владимир Илиев
_eпрев. от нем.
_9365282
700 1 _aЛемке, Хорст
_eил.
_988331
139 _aКестнер, Ерих
_bК 53
245 1 0 _aМалкия мъж
_bРоман за деца
_cЕрих Кестнер; прев. от нем. Владимир Илиев Мусаков; ил. Хорст Лемке.
250 _a4. изд.
257 _aDEU
260 София
_bЕмас
_c1999
_fСофия : Експреспринт
300 _a208 с.
_c20 см
380 _aDX
490 1 _aГолемите разказвачи на ХХ век
_v1
500 _aОриг. загл. Der Klaine Mann / Erich Kastner. - 1. изд. 1965 на изд. Нар. култура. - Доп. тир. 2006.
653 _aромани
653 _aлитература за деца
653 _aдетска литература
852 _aЦб 257134
856 4 _qpdf
_u
856 4 _qpdf
_u
942 _cKNG
_n0
_014
944 _aCR
_c15.01.2003
_lБояна Костадинова
_k30551
944 _aED
_c10.01.2014
_lф /
_k
999 _c27681
_d27681